000 00996nam a2200277 u 4500
001 66724
005 20221121095932.0
008 170302s2012 mx a r 000 0 spa d
020 _a9786071610973
040 _aMX-PuUPA
_bspa
_erda
_cMx-PuUPA
_dMx-PuUPA
041 0 _aspa
082 0 _a808.068
_bMAR
100 1 _aMardel, Javier,
_d1978-
_eautor
_96406
245 1 3 _aLo que no sabe Pupeta /
_cJavier Mardel ; ilustrado por Cecilia Rébora.
250 _aPrimera edición
264 1 _aCiudad de México :
_bFundación para las Letras Mexicanas,
_c2012
300 _a44 páginas sin numerar :
_bilustraciones ;
_c25 cm.
336 _atexto
_2rdacontent
_btxt
337 _asin medio
_2rdamedia
_bn
338 _avolumen
_2rdacarrier
_bnc
490 0 _a25 Años A la Orilla del Viento
500 _a"Premio Hispanoamericano de Poesía para Niños 2011". -- Cubierta
650 4 _aPoesía infantil
700 1 _aRébora, Cecilia,
_bilustrador
999 _c66724
_d66724
942 _h808.068
_iMAR
_cLI